000 01043nam a22003017a 4500
999 _c379
_d379
001 001588
003 CoMeUDC001588
005 20181212195711.0
008 130821s1998 ck gr spa
020 _a9589636411
020 _a958963642X
040 _aCo-BoUCM
_bspa
_cCoMeUDC
041 0 0 _aspa
082 0 4 _a361.6
_220
_bC718c
110 1 _aColombia.
_bConsejo Nacional de Planeación
245 1 0 _aTrocha regional ciudadana la ciudadanía teje la vida local y regional /
_cConsejo Nacional de Planeación
246 0 4 _aTrochas ciudadanas
260 _aBogotá (Colombia) :
_bConsejo Nacional de Planeación ,
_c1998.
300 _a174 páginas
500 _aTodos y todas somos nación
504 _aIncluye índice general.
650 0 4 _aDesarrollo social
_912991
650 0 4 _aParticipación ciudadana
_zColombia
_921113
650 0 4 _aPlanes de desarrollo
_zColombia
_97930
650 0 4 _aPlanificación regional
_zColombia
_97932
650 0 4 _aSociología
_9386
942 _cBK
_a5
_e1
_mC718t
_2ddc
_h361.6
_n1